Mitiga International Airport Destinations (Tripoli, Libya) - Statistics

General Stats
  • This quiz has been taken 52 times
    4 since last reset
  • The average score is 15 of 25
Answer Stats
Airline Destination % Correct
Afriqiyah Airways/Fly Oya/Libyan Airlines Alexandria
100%
Afriqiyah Airways/Libyan Wings/Royal Jordanian Amman (Queen Alia)
100%
Afriqiyah Airways/Air Cairo/Berniq Airways/Egyptair/Crown Airlines/Fly Oya/Libyan Airlines Cairo
100%
Royal Air Maroc Casablanca
100%
Afriqiyah Airways/Berniq Airways/Crown Airlines/Fly Oya/Ghadames Air Transport/Libyan Airlines/Libyan Wings/MedSky Airways/Turkish Airlines Istanbul
100%
MedSky Airways Milan (Malpensa)
100%
ITA Airways/MedSky Airways Rome (Fiumicino)
100%
Afriqiyah Airways/Berniq Airways/Ghadames Air Transport/Libyan Airlines/Libyan Wings/Tunisair Tunis
100%
Afriqiyah Airways/Air Libya/Berniq Airways/Buraq Air/Crown Airlines/Fly Oya/Global Air/Libyan Airlines/Libyan Wings/MedSky Airways Benghazi
75%
Fly Oya Dubai (International)
75%
Afriqiyah Airways/Berniq Airways/Fly Oya/Libyan Airlines Jeddah
75%
MedSky Airways/Universal Air Malta
75%
Berniq Airways/Fly Oya/Libyan Airlines Medina
75%
Afriqiyah Airways/Tunisair Express Sfax
75%
Tunisair Express Djerba
50%
Fly Oya/Libyan Wings/MedSky Airways Sabha
50%
MedSky Airways Athens
25%
Fly Oya/Global Air Beida
25%
Fly Oya/Global Air Ghat
25%
Fly Oya/Libyan Airlines Niamey
25%
Afriqiyah Airways/Fly Oya Tobruk
25%
Libyan Airlines Ghadames East
0%
Afriqiyah Airways Kufra
0%
Afriqiyah Airways Port Sudan
0%
Global Air Ubari
0%
No matching quizzes found
Score Distribution
Percent of People with Each Score
Percentile by Number Answered
Your Score History
You have not taken this quiz since the last reset